000 00814nam a2200229 u 4500
005 20210223131032.0
008 090701s2006 es r 000 0 spa d
020 _a8446018632 (10 dígitos)
020 _a9788446018636 (13 dígitos)
035 _aUPN01000171563
049 _aC
050 4 _aPN44.5
_bD5.2
245 0 0 _aDiccionario Akal de literatura general y comparada :
_bdede los orígenes hasta 1980 /
_ced. Herbert Greiner-Mai ; tr. Roberto Mansberger Amorós.
260 _aMadrid :
_bAkal,
_c2006.
300 _a399 p.
440 0 _aAkal básica de bolsillo ;
_v120
534 _pTraducción de:
_tKleines wörterbuch der weltliteratur
650 4 _aLITERATURA -
_xTERMINOLOGIA
_91411
650 4 _aFORMAS LITERARIAS -
_xTERMINOLOGIA
_91409
700 1 _aGreiner-Mai, Herbert,
_eed.
905 _aLibro
999 _c143668
_d143668